| 000 | 00645nam a2200205 i 4500 | ||
|---|---|---|---|
| 001 | 37691 | ||
| 003 | ES-MaACL | ||
| 005 | 20250711181114.0 | ||
| 007 | t| | ||
| 008 | 030221s1963 sp ||||1| spa d | ||
| 100 | 1 |
_aCaballero Bonald, José Manuel, _d1926-2021 _9226628 |
|
| 245 | 1 | 0 |
_aCádiz, Jerez y los Puertos / _cJosé Manuel Caballero Bonald. |
| 250 | _a[1ª ed.]. | ||
| 260 |
_aBarcelona : _bNoguer, _c[1963] |
||
| 300 |
_a50 p., 29 lám. ; _c19 cm. |
||
| 650 | 4 |
_aArte- _zCádiz (Provincia) _9156851 |
|
| 651 | 4 |
_aCádiz- _vGuías turísticas _97915 |
|
| 852 |
_aES-MaACL _jC-24366 _bR.52871 |
||
| 999 |
_c37691 _d37691 |
||